000 01000nam0a22002771 4500
001 rc\1180907
005 20250622211938.0
035 _a(NLR Aleph) 006423070
090 _a5469241
_c5469241
100 _a20041129d1980 |||y0rusy50 ca
101 0 _arus
102 _aRU
105 _aa |||||||||
200 1 _aИсследование датчиков для измерения температуры в сверхпроводящем магните
_fС.С. Козуб, В.Л. Колюковский, У. Эшер
210 _aСерпухов
_cИФВЭ
_d1980
215 _a16 с.
_cил.
_d25
225 1 _aИнститут физики высоких энергий
_vИФВЭ УОНК 80-44
320 _aБиблиогр.: с. 14
700 1 _aКозуб
_bС.С.
_gСергей Сергеевич
701 1 _aКолюковский
_bВ.Л.
701 1 _aЭшер
_bУ.
801 0 _aRU
_bNLR
_gpsbo
801 1 _aRU
_bELAR
_2rusmarc
852 _aNLR
_j80-7/1101
942 _cBOOK
980 _aNB